000 00503nam a22001937a 4500
005 20241120132528.0
008 241120b |||||||| |||| 00| 0 eng d
020 _a9780131889187
050 _aT 58.6 MCL
_b1
082 _210th
100 _aMcLeod, Raymond,Jr
245 _aManagement information systems
250 _a10th
260 _aUpper Saddle River
_bPearson Prentice- Hall
_c2007
300 _axxix,447p
500 _aBib, Index
700 _aSchell,P. George
942 _2lcc
_cBK
_e10th
_n0
999 _c1366
_d1366